000 01910nam a22005534i 4500
003 PE-LiUPU
005 20250731180059.0
008 131018s2013 ck a g 000 0 spa d
020 _a9588692997
020 _a9789588692999
035 _a(Sirsi) i9789588692999
040 _aCKCOL
_bspa
_erda
_cCKCOL
_dPE-LiUPU
_erda
049 _aPRUA
082 0 4 _a513
_bA49
_223
100 1 _aÁlvarez Jiménez, Rafael A..
_eautor
245 1 0 _aConjuntos numéricos y aritmética. /
_cRafael A. Álvarez Jiménez.
250 _aPrimera edición.
264 _aMedellín :
_bUniversidad de Medellín,
_c2013.
300 _a73 páginas :
_bilustraciones ;
_c23 centímetros.
336 _atext
_2rdacontent
337 _aunmediated
_2rdamedia
338 _avolume
_2rdacarrier
504 _aBibliografía : página [74]
505 0 _aNúmeros naturales -- Números enteros -- Números racionales --Números irracionales -- Números relaes -- Números complejos -- Soluciones a los ejercicios propuestos.
526 _aSEG44
526 _aSEG26
526 _aP159
526 _aP155
526 _aP154
526 _aP153
526 _aP150
526 _aP100
526 _aP31
526 _aP30
526 _aP26
526 _aP25
526 _aP24
526 _aP22
526 _aP15
526 _aP10
650 1 7 _aAritmťica
_xEnseąnza.
_2lemb
650 1 7 _aNm︢e︣ros complejos.
_2lemb
910 _ajck
_bncf
_cncf
_d20160802
942 _2ddc
_cBOOK
949 _a513 A49
_wDEWEY
_c1
_i73506
_lCCODEBUL1
_mBUL
_p10.99
_r0
_sY
_tBOOK
_u2016-8-2
_xINGENIERIA
_PP04
_0COMPRA
_o.STAFF. Colección General
596 _a1
999 _a513 A49
_wDEWEY
_c11686
_i73506
_d11686
_e2018-11-12
_f2021-11-5
_g7
_lCCODEBUL1
_mBUL
_n3
_p10.99
_r0
_sY
_tBOOK
_u2016-8-2
_xBIBLIOTECA
_PP04
_0COMPRA
_o.STAFF. Colección General
980 _81
_gALBERTO SANCHEZ Responsable de Automatización